MARC details
| 000 -LEADER |
| fixed length control field |
00837cab a2200193 4500 |
| 001 - CONTROL NUMBER |
| control field |
WB2445-20 |
| 008 - FIXED-LENGTH DATA ELEMENTS--GENERAL INFORMATION |
| fixed length control field |
090401t1988 xxu||||| |||| 00| 0 eng d |
| 035 ## - SYSTEM CONTROL NUMBER |
| System control number |
(Sirsi) u67727 |
| 041 ## - LANGUAGE CODE |
| Language code of text/sound track or separate title |
eng |
| 245 ## - TITLE STATEMENT |
| Title |
Rent review |
| 260 ## - PUBLICATION, DISTRIBUTION, ETC. |
| Date of publication, distribution, etc. |
1988 |
| 350 ## - PRICE (NR) (BK AM CF MU VM SE) [OBSOLETE] |
| Price |
0 |
| 490 ## - SERIES STATEMENT |
| Series statement |
EGCS |
| Volume/sequential designation |
1988 142 |
| 520 ## - SUMMARY, ETC. |
| Summary, etc. |
In The Ritz Hotel (London) Ltd v Ritz Casino Ltd , ChD 27 October 1988, it was held that it must be assumed that the hypothetical lease is for a term of 21 years commencing in 1977 at the same time as the actual lease and that the use of profits is permissible only in the absence of comparable rental values but as no account is to be taken of goodwill this has a consequence to values that an arbitrator must consider. |
| 650 ## - SUBJECT ADDED ENTRY--TOPICAL TERM |
| Topical term or geographic name entry element |
GAMING LICENCE |
| 690 ## - LOCAL SUBJECT ADDED ENTRY--TOPICAL TERM (OCLC, RLIN) |
| Topical term or geographic name as entry element |
LANDLORD AND TENANT-CASE LAW |
| 942 ## - ADDED ENTRY ELEMENTS (KOHA) |
| Suppress in OPAC |
0 |
| 948 ## - LOCAL PROCESSING INFORMATION (OCLC); SERIES PART DESIGNATOR (RLIN) |
| c (OCLC) |
04/03/1997 |